000
00307nam a22001337a 4500
008
181106b xxu||||| |||| 00| 0 eng d
020
_a
0878573607
041
_a
eng
080
_a
610
100
_a
4
101
_a
SHM
245
_a
The Complete Book of Minerals for Health
_c
Faelten,Sh
942
_2
udc
_c
BK
999
_c
51982
_d
51982